Normal view
MARC view
Entry Personal Name
001 - CONTROL NUMBER
- control field: 164080
003 - CONTROL NUMBER IDENTIFIER
- control field: OSt
005 - DATE AND TIME OF LATEST TRANSACTION
- control field: 20220923220257.0
008 - FIXED-LENGTH DATA ELEMENTS
- fixed length control field: 220923|| aca||aabn | a|a d
040 ## - CATALOGING SOURCE
- Original cataloging agency: OSt
- Transcribing agency: OSt
100 ## - HEADING--PERSONAL NAME
- Personal name: आबिद हुसैन, एस0
670 ## - SOURCE DATA FOUND
- Source citation: Work cat.: (OSt)338891: आबिद हुसैन, एस0, भारत की राष्ट्रीय संस्कृति, महेन्द्र चतुर्वेदी अनु , 1958
